000
00195nam a22000857a 4500
001
1300962
005
20260420110007.0
245
_a
KOÇYİĞİT
_c
AHMET YILMAZ BOYUNAĞA
260
_b
TİMAŞ YAYNILARI
999
_c
1300962
_d
1300962